Investičné rozhodovanie vo vybranom podnikateľskom subjekte diplomová práca

Saved in:
Bibliographic Details
Main Author: Pažická, Kristína
Corporate Author: Národohospodárska fakulta EU. Katedra hospodárskej politiky
Other Authors: Vorlíčková, Jana
Format: Book
Language:Slovak
Published: Bratislava 2009
Tags: Add Tag
No Tags, Be the first to tag this record!

MARC

LEADER 00000nam$a2200000$$$4500
001 0095815
005 20240319123812.3
041 0 |a slo 
044 |a SK 
245 1 0 |a Investičné rozhodovanie vo vybranom podnikateľskom subjekte  |b diplomová práca  |c Kristína Pažická ; škol. Jana Vorlíčková 
264 1 |a Bratislava  |c 2009 
300 |a 80 s. 
100 1 |a Pažická, Kristína 
700 1 |a Vorlíčková, Jana 
710 2 |a Národohospodárska fakulta EU. Katedra hospodárskej politiky